[Event "MPA 1580 2024"]
[Site "Sianozety"]
[Date "2024.04.12"]
[Round "8.16"]
[White "Domoradzki, Tomasz"]
[Black "Wosztyl, Emilian"]
[Result "1-0"]
[BlackElo "1522"]
[WhiteElo "1482"]
[LiveChessVersion "1.4.4"]

1. f4 {[%clk 1:30:56]} e6 {[%clk 1:30:37]} 2. Nf3 {[%clk 1:30:36]} d5
{[%clk 1:30:55]} 3. e3 {[%clk 1:30:42]} Nf6 {[%clk 1:31:15]} 4. b3
{[%clk 1:30:18]} b6 {[%clk 1:31:27]} 5. Bb2 {[%clk 1:30:39]} Bb7 {[%clk 1:31:50]}
6. Ne5 {[%clk 1:28:44]} a6 {[%clk 1:31:31]} 7. Be2 {[%clk 1:26:38]} Nbd7
{[%clk 1:31:54]} 8. O-O {[%clk 1:26:17]} Nxe5 {[%clk 1:32:07]} 9. fxe5
{[%clk 1:25:11]} Nd7 {[%clk 1:32:17]} 10. Qe1 {[%clk 1:24:37]} Qg5
{[%clk 1:32:27]} 11. Qf2 {[%clk 1:08:39]} O-O-O {[%clk 1:23:22]} 12. Qxf7
{[%clk 1:00:25]} d4 {[%clk 1:23:50]} 13. Bf3 {[%clk 1:00:26]} dxe3
{[%clk 1:23:31]} 14. Bxb7+ {[%clk 0:57:57]} Kxb7 {[%clk 1:23:55]} 15. Qf3+
{[%clk 0:57:29]} Kb8 {[%clk 1:24:05]} 16. Qxe3 {[%clk 0:57:49]} Qxe3+
{[%clk 1:23:10]} 17. dxe3 {[%clk 0:56:57]} Bc5 {[%clk 1:20:41]} 18. Bd4
{[%clk 0:55:01]} Rhf8 {[%clk 1:21:05]} 19. Rf3 {[%clk 0:45:23]} Be7
{[%clk 1:17:18]} 20. Kf2 {[%clk 0:36:49]} c5 {[%clk 1:16:19]} 21. Bb2
{[%clk 0:33:45]} g6 {[%clk 1:16:36]} 22. Ke2 {[%clk 0:33:51]} Rf5
{[%clk 1:17:00]} 23. Rxf5 {[%clk 0:33:41]} gxf5 {[%clk 1:17:24]} 24. Nd2
{[%clk 0:33:41]} Nf8 {[%clk 1:17:43]} 25. Rd1 {[%clk 0:31:38]} Ng6
{[%clk 1:18:06]} 26. Nf3 {[%clk 0:31:32]} Kc7 {[%clk 1:18:13]} 27. Rxd8
{[%clk 0:31:31]} Bxd8 {[%clk 1:18:33]} 28. g3 {[%clk 0:30:56]} Kc6
{[%clk 1:18:53]} 29. Kd3 {[%clk 0:29:23]} h5 {[%clk 1:18:35]} 30. h4
{[%clk 0:29:12]} b5 {[%clk 1:18:04]} 31. Ne1 {[%clk 0:22:17]} Nh8
{[%clk 1:18:05]} 32. Ng2 {[%clk 0:21:31]} Bb6 {[%clk 1:16:49]} 33. c4
{[%clk 0:21:01]} Nf7 {[%clk 1:16:45]} 34. Nf4 {[%clk 0:20:48]} Kd7
{[%clk 1:17:04]} 35. Nxh5 {[%clk 0:20:17]} Nh6 {[%clk 1:16:52]} 36. e4
{[%clk 0:19:21]} bxc4+ {[%clk 1:16:44]} 37. bxc4 {[%clk 0:19:38]} Ba5
{[%clk 1:17:12]} 38. exf5 {[%clk 0:18:49]} exf5 {[%clk 1:17:16]} 39. Bc1
{[%clk 0:18:33]} Ng4 {[%clk 1:17:18]} 40. Nf6+ {[%clk 0:18:32]} Nxf6
{[%clk 1:17:30]} 41. exf6 {[%clk 0:18:50]} Bc7 {[%clk 1:16:35]} 42. Bf4
{[%clk 0:12:24]} Bxf4 {[%clk 1:14:48]} 43. gxf4 {[%clk 0:12:50]} Ke6
{[%clk 1:15:17]} 44. Kc3 {[%clk 0:10:47]} Kxf6 {[%clk 1:15:40]} 45. Kb3
{[%clk 0:10:38]} Kg6 {[%clk 1:16:08]} 46. Ka4 {[%clk 0:10:50]} Kh5
{[%clk 1:16:33]} 47. Ka5 {[%clk 0:11:17]} Kxh4 {[%clk 1:16:53]} 48. Kxa6
{[%clk 0:11:43]} Kg4 {[%clk 1:17:19]} 49. Kb5 {[%clk 0:12:01]} Kxf4
{[%clk 1:17:33]} 50. a4 {[%clk 0:12:23]} Ke3 {[%clk 1:17:50]} 51. a5
{[%clk 0:12:44]} f4 {[%clk 1:18:16]} 52. a6 {[%clk 0:12:55]} f3 {[%clk 1:18:43]}
53. a7 {[%clk 0:13:22]} f2 {[%clk 1:19:11]} 54. a8=Q {[%clk 0:13:46]} f1=Q 55.
Qe8+ {[%clk 0:10:02]} Kd4 {[%clk 1:18:32]} 56. Qh8+ {[%clk 0:08:55]} Kd3
{[%clk 1:18:16]} 57. Qh7+ {[%clk 0:08:46]} Kd4 {[%clk 1:18:13]} 58. Qg7+
{[%clk 0:08:19]} Kd3 {[%clk 1:17:57]} 59. Qg6+ {[%clk 0:08:23]} Kd4
{[%clk 1:18:22]} 60. Qg4+ {[%clk 0:07:43]} Kc3 {[%clk 1:17:48]} 61. Qg3+
{[%clk 0:07:13]} Kd4 {[%clk 1:17:16]} 62. Qd6+ {[%clk 0:05:41]} Kc3
{[%clk 1:17:04]} 63. Qe5+ {[%clk 0:04:16]} Kd3 {[%clk 1:16:54]} 64. Qxc5
{[%clk 0:04:03]} Qb1+ {[%clk 1:16:17]} 65. Kc6 {[%clk 0:04:22]} Qb3
{[%clk 1:15:46]} 66. Qd5+ {[%clk 0:04:13]} Kc3 {[%clk 1:15:18]} 67. c5
{[%clk 0:03:56]} Qa4+ {[%clk 1:14:59]} 68. Kd6 {[%clk 0:04:12]} Qa6+
{[%clk 1:13:52]} 69. c6 {[%clk 0:04:10]} Qc8 {[%clk 1:13:46]} 70. Qc5+
{[%clk 0:04:11]} Kd2 {[%clk 1:13:41]} 71. Qd4+ {[%clk 0:04:00]} Ke1
{[%clk 1:13:28]} 72. Qb4+ {[%clk 0:04:08]} Kd1 {[%clk 1:13:44]} 73. Qb7
{[%clk 0:04:14]} Qf8+ {[%clk 1:14:06]} 74. Qe7 {[%clk 0:04:11]} Qf4+
{[%clk 1:13:31]} 75. Kd7 {[%clk 0:04:14]} Qf5+ {[%clk 1:13:08]} 76. Qe6
{[%clk 0:04:35]} Qh7+ {[%clk 1:12:58]} 77. Kd8 {[%clk 0:04:31]} Qh8+
{[%clk 1:12:29]} 78. Qe8 {[%clk 0:04:35]} Qh4+ {[%clk 1:10:49]} 79. Kc8
{[%clk 0:04:55]} Qa4 {[%clk 1:11:09]} 80. Qd7+ {[%clk 0:04:30]} Kc2
{[%clk 1:11:28]} 81. Qf5+ {[%clk 0:03:55]} Kc3 {[%clk 1:11:34]} 82. Qc5+
{[%clk 0:03:56]} Kd3 {[%clk 1:11:05]} 83. c7 Qa1 {[%clk 1:09:33]} 84. Qd5+
{[%clk 0:03:30]} Ke2 {[%clk 1:08:46]} 85. Kb8 {[%clk 0:03:10]} Qb2+
{[%clk 1:08:28]} 86. Qb7 {[%clk 0:03:36]} Qe5 {[%clk 1:08:33]} 87. Ka7
{[%clk 0:03:07]} Qc5+ {[%clk 1:07:48]} 88. Qb6 {[%clk 0:03:07]} Qe7
{[%clk 1:07:55]} 89. Qb5+ {[%clk 0:02:40]} Ke1 {[%clk 1:07:38]} 90. Kb8
{[%clk 0:02:53]} Qd6 {[%clk 1:07:34]} 91. Qe8+ {[%clk 0:02:49]} Kf2
{[%clk 1:07:33]} 92. Qf7+ {[%clk 0:02:42]} Ke1 {[%clk 1:07:02]} 93. Kb7
{[%clk 0:02:09]} Qb4+ {[%clk 1:05:17]} 94. Kc8 {[%clk 0:02:12]} Qd4
{[%clk 1:01:21]} 95. Qe6+ {[%clk 0:02:00]} Kf1 {[%clk 1:00:23]} 96. Qh3+
{[%clk 0:01:55]} Kg1 {[%clk 1:00:05]} 97. Qg3+ {[%clk 0:02:13]} Kf1
{[%clk 0:58:59]} 98. Qf3+ {[%clk 0:02:18]} Kg1 {[%clk 0:59:05]} 99. Kb8
{[%clk 0:01:54]} Qb6+ {[%clk 0:59:02]} 100. Qb7 {[%clk 0:02:16]} Qd6
{[%clk 0:55:55]} 101. Ka8 {[%clk 0:02:37]} Kh2 {[%clk 0:54:31]} 1-0

[Event "MPA 1580 2024"]
[Site "Sianozety"]
[Date "2024.04.12"]
[Round "9.4"]
[White "Dubel, Daniel"]
[Black "Przygrodzka, Marzanna"]
[Result "1-0"]
[BlackElo "1550"]
[WhiteElo "1511"]
[LiveChessVersion "1.4.4"]

1. e4 {[%clk 1:30:58]} c5 {[%clk 1:30:53]} 2. c3 {[%clk 1:31:23]} Nf6
{[%clk 1:31:00]} 3. e5 {[%clk 1:31:42]} Nd5 {[%clk 1:31:16]} 4. d4
{[%clk 1:31:53]} cxd4 {[%clk 1:31:18]} 5. Nf3 {[%clk 1:32:16]} Nc6
{[%clk 1:31:08]} 6. cxd4 {[%clk 1:32:31]} d6 {[%clk 1:30:47]} 7. Bc4
{[%clk 1:32:32]} Nb6 {[%clk 1:30:37]} 8. Bb5 {[%clk 1:29:09]} a6 {[%clk 1:24:21]}
9. Bxc6+ {[%clk 1:21:33]} bxc6 {[%clk 1:24:27]} 10. Nc3 {[%clk 1:19:57]} Bf5
{[%clk 1:21:03]} 11. Bg5 {[%clk 1:14:45]} Qc7 {[%clk 1:17:00]} 12. Rc1
{[%clk 1:14:11]} e6 {[%clk 1:15:10]} 13. O-O {[%clk 1:10:10]} Be7
{[%clk 1:11:20]} 14. exd6 {[%clk 1:09:38]} Qxd6 {[%clk 1:10:53]} 15. Bxe7
{[%clk 1:07:12]} Qxe7 {[%clk 1:11:08]} 16. Na4 {[%clk 1:06:54]} Nxa4
{[%clk 1:09:38]} 17. Qxa4 {[%clk 1:07:13]} Be4 {[%clk 1:10:03]} 18. Rxc6
{[%clk 1:05:57]} O-O {[%clk 1:08:45]} 19. Rc3 {[%clk 1:04:56]} Qb7
{[%clk 0:59:33]} 20. b3 {[%clk 1:00:29]} h6 {[%clk 0:58:49]} 21. h3
{[%clk 1:00:05]} Rfc8 {[%clk 0:58:44]} 22. Rfc1 {[%clk 1:00:04]} Rxc3
{[%clk 0:58:51]} 23. Rxc3 {[%clk 1:00:28]} Rc8 {[%clk 0:59:13]} 24. Qa5
{[%clk 0:57:24]} Rxc3 {[%clk 0:58:32]} 25. Qxc3 {[%clk 0:57:49]} Qc6
{[%clk 0:58:10]} 26. Qxc6 {[%clk 0:53:11]} Bxc6 {[%clk 0:58:30]} 27. Ne5
{[%clk 0:53:33]} Be4 {[%clk 0:57:39]} 28. Nd7 {[%clk 0:53:25]} Bb1
{[%clk 0:57:47]} 29. a4 {[%clk 0:53:01]} Bc2 {[%clk 0:57:00]} 30. Nc5
{[%clk 0:53:23]} a5 {[%clk 0:52:43]} 31. Kf1 {[%clk 0:52:27]} f6 {[%clk 0:49:39]}
32. Ke2 {[%clk 0:52:39]} e5 {[%clk 0:47:36]} 33. dxe5 {[%clk 0:52:40]} fxe5
{[%clk 0:47:48]} 34. Kd2 {[%clk 0:52:49]} Bg6 {[%clk 0:45:45]} 35. Nb7
{[%clk 0:53:01]} Be4 {[%clk 0:46:02]} 36. Nxa5 {[%clk 0:53:20]} Bxg2
{[%clk 0:46:24]} 37. h4 {[%clk 0:52:12]} Kf7 {[%clk 0:46:24]} 38. Nc4
{[%clk 0:52:04]} Ke6 {[%clk 0:46:04]} 39. Ke3 {[%clk 0:51:33]} Kf5
{[%clk 0:46:17]} 40. a5 {[%clk 0:50:55]} Kg4 {[%clk 0:45:04]} 41. Nxe5+
{[%clk 0:50:24]} Kxh4 {[%clk 0:45:21]} 42. a6 {[%clk 0:46:21]} Ba8
{[%clk 0:39:02]} 43. b4 {[%clk 0:46:04]} Kg5 {[%clk 0:39:12]} 44. b5
{[%clk 0:46:13]} h5 {[%clk 0:37:05]} 45. b6 {[%clk 0:46:20]} 1-0

[Event "MPA 1580 2024"]
[Site "Sianozety"]
[Date "2024.04.12"]
[Round "9.5"]
[White "Rogala, Adam"]
[Black "Sienczewski, Mariusz"]
[Result "1/2-1/2"]
[BlackElo "1558"]
[WhiteElo "1530"]
[LiveChessVersion "1.4.4"]

1. d4 {[%clk 1:30:55]} d5 {[%clk 1:30:49]} 2. c4 {[%clk 1:31:12]} e6
{[%clk 1:31:10]} 3. Nf3 {[%clk 1:31:20]} Nf6 {[%clk 1:30:40]} 4. Nc3
{[%clk 1:31:16]} Be7 {[%clk 1:30:45]} 5. e3 {[%clk 1:30:49]} c6 {[%clk 1:30:43]}
6. Be2 {[%clk 1:30:27]} O-O {[%clk 1:31:01]} 7. O-O {[%clk 1:30:32]} Nbd7
{[%clk 1:31:02]} 8. b3 {[%clk 1:28:59]} Bb4 {[%clk 1:29:22]} 9. Bb2
{[%clk 1:28:43]} Re8 {[%clk 1:29:21]} 10. a3 {[%clk 1:28:11]} Bxc3
{[%clk 1:29:27]} 11. Bxc3 {[%clk 1:28:34]} b6 {[%clk 1:23:32]} 12. Bd3
{[%clk 1:27:18]} c5 {[%clk 1:22:54]} 13. dxc5 {[%clk 1:23:14]} Nxc5
{[%clk 1:22:02]} 14. Bc2 {[%clk 1:23:00]} dxc4 {[%clk 1:21:30]} 15. Qxd8
{[%clk 1:21:08]} Rxd8 {[%clk 1:21:43]} 16. Bxf6 {[%clk 1:21:25]} gxf6
{[%clk 1:21:58]} 17. bxc4 {[%clk 1:18:43]} Bb7 {[%clk 1:22:20]} 18. Nd4
{[%clk 1:18:31]} Rac8 {[%clk 1:20:39]} 19. Rfc1 {[%clk 1:17:17]} Be4
{[%clk 1:17:22]} 20. Bd1 {[%clk 1:16:44]} f5 {[%clk 1:08:33]} 21. f3
{[%clk 1:14:03]} Bc6 {[%clk 1:06:48]} 22. a4 {[%clk 1:12:03]} Be8
{[%clk 1:01:57]} 23. a5 {[%clk 1:10:55]} Kg7 {[%clk 1:01:40]} 24. axb6
{[%clk 1:09:48]} axb6 {[%clk 1:02:01]} 25. Rcb1 {[%clk 1:07:37]} Rb8
{[%clk 1:00:08]} 26. Be2 {[%clk 1:07:18]} Kf6 {[%clk 1:00:05]} 27. f4
{[%clk 1:00:46]} h6 {[%clk 0:54:09]} 28. h3 {[%clk 0:59:44]} Rd6 {[%clk 0:50:32]}
29. Bf3 {[%clk 0:55:47]} Kg6 {[%clk 0:44:45]} 30. g4 {[%clk 0:53:27]} fxg4
{[%clk 0:44:37]} 31. hxg4 {[%clk 0:53:36]} f5 {[%clk 0:39:50]} 32. gxf5+
{[%clk 0:51:23]} exf5 {[%clk 0:40:01]} 33. Kg2 {[%clk 0:51:18]} Kf6
{[%clk 0:37:24]} 34. Rh1 {[%clk 0:51:24]} Bd7 {[%clk 0:35:34]} 35. Ra7
{[%clk 0:50:17]} Rg8+ {[%clk 0:32:40]} 36. Kf1 {[%clk 0:47:15]} Rg6
{[%clk 0:31:51]} 37. Bd5 {[%clk 0:47:23]} Ne4 {[%clk 0:30:16]} 38. Ke1
{[%clk 0:45:38]} Nc3 {[%clk 0:27:34]} 39. Bf3 {[%clk 0:44:27]} Ne4
{[%clk 0:27:09]} 40. Ra8 {[%clk 0:42:30]} Ke7 {[%clk 0:25:06]} 41. Ra7
{[%clk 0:40:42]} Kf6 {[%clk 0:24:50]} 42. Bh5 {[%clk 0:38:07]} Rg3
{[%clk 0:23:55]} 43. Bf3 {[%clk 0:34:08]} Rg6 {[%clk 0:24:02]} 1/2-1/2

[Event "MPA 1580 2024"]
[Site "Sianozety"]
[Date "2024.04.12"]
[Round "9.6"]
[White "Kuriata, Tomasz"]
[Black "Rogala, Marcin"]
[Result "1-0"]
[BlackElo "1524"]
[WhiteElo "1572"]
[LiveChessVersion "1.4.4"]

1. e4 {[%clk 1:30:57]} e5 {[%clk 1:30:59]} 2. Nf3 {[%clk 1:31:25]} Nc6
{[%clk 1:31:21]} 3. d4 {[%clk 1:31:49]} exd4 {[%clk 1:31:28]} 4. Nxd4
{[%clk 1:32:17]} Nxd4 {[%clk 1:30:25]} 5. Qxd4 {[%clk 1:32:44]} d6
{[%clk 1:30:49]} 6. Bf4 {[%clk 1:33:01]} Nf6 {[%clk 1:29:22]} 7. Nc3
{[%clk 1:33:29]} Be7 {[%clk 1:28:57]} 8. O-O-O {[%clk 1:33:46]} Bg4
{[%clk 1:27:18]} 9. f3 {[%clk 1:32:54]} Bh5 {[%clk 1:27:41]} 10. e5
{[%clk 1:32:40]} dxe5 {[%clk 1:25:13]} 11. Qxe5 {[%clk 1:33:06]} Qc8
{[%clk 1:24:30]} 12. Bc4 {[%clk 1:29:58]} Kf8 {[%clk 1:20:47]} 13. Rhe1
{[%clk 1:24:31]} Bd6 {[%clk 1:20:44]} 14. Qd4 {[%clk 1:23:49]} Bxf4+
{[%clk 1:20:31]} 15. Qxf4 {[%clk 1:24:17]} c6 {[%clk 1:20:41]} 16. Qd6+
{[%clk 1:21:44]} Kg8 {[%clk 1:20:52]} 17. Re7 {[%clk 1:20:27]} h6
{[%clk 1:16:57]} 18. g4 {[%clk 1:18:24]} Bg6 {[%clk 1:17:16]} 19. h4
{[%clk 1:18:05]} h5 {[%clk 1:16:30]} 20. g5 {[%clk 1:18:00]} Nd5 {[%clk 1:16:58]}
21. Nxd5 {[%clk 1:09:35]} cxd5 {[%clk 1:17:18]} 22. Qxd5 {[%clk 1:09:50]} Kh7
{[%clk 1:15:44]} 23. Bd3 {[%clk 1:06:16]} Qf8 {[%clk 1:10:15]} 24. Rxf7
{[%clk 1:02:56]} 1-0

[Event "MPA 1580 2024"]
[Site "Sianozety"]
[Date "2024.04.12"]
[Round "9.7"]
[White "Burszczan, Piotr"]
[Black "Superson, Dawid"]
[Result "1/2-1/2"]
[BlackElo "1509"]
[WhiteElo "1553"]
[LiveChessVersion "1.4.4"]

1. d4 {[%clk 1:30:59]} Nf6 {[%clk 1:30:45]} 2. Nf3 {[%clk 1:31:23]} g6
{[%clk 1:31:11]} 3. g3 {[%clk 1:31:48]} Bg7 {[%clk 1:31:29]} 4. Bg2
{[%clk 1:32:09]} d6 {[%clk 1:30:36]} 5. c4 {[%clk 1:32:33]} O-O {[%clk 1:30:41]}
6. O-O {[%clk 1:32:48]} Nbd7 {[%clk 1:30:47]} 7. Nc3 {[%clk 1:33:08]} e5
{[%clk 1:28:22]} 8. e4 {[%clk 1:33:26]} Re8 {[%clk 1:23:50]} 9. Re1
{[%clk 1:33:01]} a5 {[%clk 1:20:27]} 10. a4 {[%clk 1:31:40]} Nh5 {[%clk 1:19:36]}
11. Bg5 {[%clk 1:30:38]} Nhf6 {[%clk 1:17:12]} 12. h3 {[%clk 1:30:21]} h6
{[%clk 1:17:31]} 13. Be3 {[%clk 1:30:43]} exd4 {[%clk 1:09:02]} 14. Bxd4
{[%clk 1:25:57]} Nc5 {[%clk 1:06:33]} 15. e5 {[%clk 1:12:36]} Nfd7
{[%clk 1:04:22]} 16. exd6 {[%clk 1:09:51]} Rxe1+ {[%clk 0:53:17]} 17. Qxe1
{[%clk 1:08:00]} Bxd4 {[%clk 0:48:06]} 18. Nxd4 {[%clk 1:00:22]} cxd6
{[%clk 0:47:38]} 19. Ndb5 {[%clk 0:59:05]} Ne5 {[%clk 0:46:06]} 20. Qe2
{[%clk 0:46:13]} Be6 {[%clk 0:34:20]} 21. Nd5 {[%clk 0:36:11]} Nc6
{[%clk 0:27:30]} 22. Ndc7 {[%clk 0:27:45]} Rc8 {[%clk 0:23:51]} 23. Nxe6
{[%clk 0:26:14]} fxe6 {[%clk 0:21:39]} 24. Rd1 {[%clk 0:24:48]} Nxa4
{[%clk 0:13:50]} 25. Qxe6+ {[%clk 0:23:49]} Kf8 {[%clk 0:11:57]} 26. Rxd6
{[%clk 0:23:30]} Qe8 {[%clk 0:10:43]} 27. Qxe8+ {[%clk 0:16:38]} Kxe8
{[%clk 0:08:48]} 28. Rxg6 {[%clk 0:16:54]} Nxb2 {[%clk 0:09:00]} 29. Nd6+
{[%clk 0:15:17]} Kd7 {[%clk 0:09:29]} 30. Nxc8 {[%clk 0:14:34]} Kxc8
{[%clk 0:09:57]} 31. Bxc6 {[%clk 0:12:54]} bxc6 {[%clk 0:10:18]} 32. Rxc6+
{[%clk 0:12:58]} Kb7 {[%clk 0:10:47]} 33. Rc5 {[%clk 0:13:12]} Ka6
{[%clk 0:10:48]} 34. Rxa5+ {[%clk 0:06:38]} Kxa5 35. f4 {[%clk 0:06:52]} Kb6
{[%clk 0:09:47]} 36. g4 {[%clk 0:06:21]} Nxc4 {[%clk 0:08:53]} 37. Kf2
{[%clk 0:06:14]} Nd6 {[%clk 0:07:15]} 38. Ke3 {[%clk 0:04:58]} Kc6
{[%clk 0:05:53]} 39. Kd4 {[%clk 0:04:53]} Kd7 {[%clk 0:06:15]} 40. Ke5
{[%clk 0:05:16]} Ke7 {[%clk 0:05:57]} 41. h4 {[%clk 0:04:32]} Nc4+
{[%clk 0:04:41]} 42. Kd4 {[%clk 0:02:12]} Nd6 {[%clk 0:02:16]} 43. Kd5
{[%clk 0:01:09]} Ne8 {[%clk 0:02:38]} 44. Ke5 {[%clk 0:01:05]} Kf7
{[%clk 0:02:07]} 45. h5 {[%clk 0:00:51]} Nf6 {[%clk 0:01:30]} 46. Kf5
{[%clk 0:01:08]} Nd5 {[%clk 0:01:26]} 47. g5 {[%clk 0:00:53]} hxg5
{[%clk 0:01:42]} 48. Kxg5 {[%clk 0:01:09]} Nxf4 {[%clk 0:01:43]} 49. Kxf4
{[%clk 0:01:27]} Kg7 {[%clk 0:02:12]} 50. Kg5 {[%clk 0:00:55]} Kh7
{[%clk 0:02:40]} 51. h6 {[%clk 0:01:14]} 1/2-1/2

[Event "MPA 1580 2024"]
[Site "Sianozety"]
[Date "2024.04.12"]
[Round "9.10"]
[White "Mucha, Krzysztof"]
[Black "Chacinski-Osorio, Fabian"]
[Result "1/2-1/2"]
[BlackElo "1575"]
[WhiteElo "1524"]
[LiveChessVersion "1.4.4"]

1. d4 {[%clk 1:30:59]} Nf6 {[%clk 1:30:56]} 2. Bf4 {[%clk 1:31:23]} c6
{[%clk 1:31:17]} 3. e3 {[%clk 1:31:45]} Qb6 {[%clk 1:31:41]} 4. Qc1
{[%clk 1:31:11]} d6 {[%clk 1:31:01]} 5. Nf3 {[%clk 1:31:08]} Nh5 {[%clk 1:31:09]}
6. Bg3 {[%clk 1:31:26]} Nxg3 {[%clk 1:31:30]} 7. hxg3 {[%clk 1:31:51]} Nd7
{[%clk 1:29:55]} 8. Bd3 {[%clk 1:30:40]} h6 {[%clk 1:29:12]} 9. Nbd2
{[%clk 1:30:33]} e5 {[%clk 1:28:38]} 10. c3 {[%clk 1:26:14]} Qc7 {[%clk 1:25:36]}
11. Qc2 {[%clk 1:19:15]} d5 {[%clk 1:24:06]} 12. dxe5 {[%clk 1:19:10]} Nxe5
{[%clk 1:24:27]} 13. Nxe5 {[%clk 1:19:31]} Qxe5 {[%clk 1:24:51]} 14. Nf3
{[%clk 1:19:52]} Qf6 {[%clk 1:24:44]} 15. e4 {[%clk 1:04:16]} Be6
{[%clk 1:16:27]} 16. Nd4 {[%clk 1:01:13]} O-O-O {[%clk 1:15:15]} 17. Nxe6
{[%clk 0:56:04]} fxe6 {[%clk 1:11:11]} 18. exd5 {[%clk 0:53:58]} exd5
{[%clk 1:11:06]} 19. O-O-O {[%clk 0:53:16]} Bc5 {[%clk 1:09:39]} 20. f3
{[%clk 0:51:57]} Qg5+ {[%clk 1:09:11]} 21. Kb1 {[%clk 0:52:18]} Qxg3
{[%clk 1:08:43]} 22. Rhe1 {[%clk 0:48:12]} Rhe8 {[%clk 1:07:28]} 23. Re2
{[%clk 0:47:58]} Rxe2 {[%clk 1:01:49]} 24. Qxe2 {[%clk 0:48:22]} Qd6
{[%clk 1:02:06]} 25. Re1 {[%clk 0:47:21]} Kc7 {[%clk 0:56:08]} 26. Qe5
{[%clk 0:47:28]} Qxe5 {[%clk 0:56:15]} 27. Rxe5 {[%clk 0:47:51]} Kd6
{[%clk 0:56:06]} 28. Re2 {[%clk 0:47:38]} Rd7 {[%clk 0:55:07]} 29. Kc2
{[%clk 0:44:33]} Bb6 {[%clk 0:50:23]} 30. Bg6 {[%clk 0:42:57]} Bd8
{[%clk 0:40:13]} 31. b3 {[%clk 0:40:28]} Bf6 {[%clk 0:35:08]} 32. Kd3
{[%clk 0:37:38]} b6 {[%clk 0:29:47]} 33. Bf5 {[%clk 0:32:16]} Re7
{[%clk 0:25:22]} 34. Rxe7 {[%clk 0:31:45]} Bxe7 {[%clk 0:25:47]} 35. c4
{[%clk 0:28:05]} Kc5 {[%clk 0:25:04]} 36. cxd5 {[%clk 0:27:43]} cxd5
{[%clk 0:25:25]} 37. Be6 {[%clk 0:27:23]} Bf6 {[%clk 0:25:41]} 38. a4
{[%clk 0:26:15]} d4 {[%clk 0:24:42]} 39. Bf7 {[%clk 0:25:09]} Kd6
{[%clk 0:25:01]} 40. Ke4 {[%clk 0:23:47]} 1/2-1/2

[Event "MPA 1580 2024"]
[Site "Sianozety"]
[Date "2024.04.12"]
[Round "9.11"]
[White "Kuriata, Pawel"]
[Black "Galezowski, Emanuel"]
[Result "0-1"]
[BlackElo "1544"]
[WhiteElo "1571"]
[LiveChessVersion "1.4.4"]

1. e4 {[%clk 1:30:58]} e6 {[%clk 1:30:27]} 2. d4 {[%clk 1:31:17]} d5
{[%clk 1:30:47]} 3. e5 {[%clk 1:31:40]} c5 {[%clk 1:31:00]} 4. c3
{[%clk 1:30:14]} Nc6 {[%clk 1:30:45]} 5. f4 {[%clk 1:27:32]} cxd4
{[%clk 1:28:56]} 6. cxd4 {[%clk 1:27:37]} Qb6 {[%clk 1:28:26]} 7. Nf3
{[%clk 1:27:02]} Bb4+ {[%clk 1:27:56]} 8. Nc3 {[%clk 1:26:18]} Bd7
{[%clk 1:23:27]} 9. a3 {[%clk 1:26:04]} Be7 {[%clk 1:22:08]} 10. Be2
{[%clk 1:21:45]} Nh6 {[%clk 1:18:29]} 11. Na4 {[%clk 1:19:25]} Qc7
{[%clk 1:16:03]} 12. Be3 {[%clk 1:19:14]} Nf5 {[%clk 1:15:02]} 13. Bf2
{[%clk 1:19:30]} a6 {[%clk 1:06:11]} 14. Rc1 {[%clk 1:17:43]} b5 {[%clk 1:01:26]}
15. Nc5 {[%clk 1:14:05]} Bxc5 {[%clk 1:00:54]} 16. Rxc5 {[%clk 1:12:23]} Qa5+
{[%clk 0:57:57]} 17. Rc3 {[%clk 1:09:12]} b4 {[%clk 0:55:29]} 18. Rc5
{[%clk 1:07:22]} Qb6 {[%clk 0:54:28]} 19. O-O {[%clk 1:07:37]} bxa3
{[%clk 0:54:32]} 20. bxa3 {[%clk 1:07:36]} O-O {[%clk 0:53:44]} 21. g4
{[%clk 1:06:38]} Nfe7 {[%clk 0:53:53]} 22. Qc2 {[%clk 1:06:25]} Rab8
{[%clk 0:51:31]} 23. Bd3 {[%clk 1:04:09]} g6 {[%clk 0:50:48]} 24. Bh4
{[%clk 1:02:27]} Qb2 {[%clk 0:45:17]} 25. Qa4 {[%clk 0:51:00]} Nxe5
{[%clk 0:43:42]} 26. Qxa6 {[%clk 0:48:47]} Nxf3+ {[%clk 0:43:26]} 27. Rxf3
{[%clk 0:48:33]} Qxd4+ {[%clk 0:42:45]} 28. Bf2 {[%clk 0:48:19]} Qa1+
{[%clk 0:41:41]} 29. Bf1 {[%clk 0:46:08]} Rb1 {[%clk 0:34:59]} 30. Rc7
{[%clk 0:37:07]} Bb5 {[%clk 0:34:02]} 31. Qb7 {[%clk 0:35:27]} Bxf1
{[%clk 0:33:19]} 0-1

[Event "MPA 1580 2024"]
[Site "Sianozety"]
[Date "2024.04.12"]
[Round "9.12"]
[White "Krawczyk, Marcin"]
[Black "Domoradzki, Tomasz"]
[Result "0-1"]
[BlackElo "1482"]
[WhiteElo "1560"]
[LiveChessVersion "1.4.4"]

1. e4 {[%clk 1:30:59]} e5 {[%clk 1:15:27]} 2. Nf3 {[%clk 1:31:19]} Nf6
{[%clk 1:15:34]} 3. Nxe5 {[%clk 1:31:38]} d5 {[%clk 1:15:53]} 4. exd5
{[%clk 1:28:14]} Qxd5 {[%clk 1:15:29]} 5. d4 {[%clk 1:27:52]} Nc6
{[%clk 1:15:52]} 6. Nc3 {[%clk 1:21:00]} Qxd4 {[%clk 1:15:19]} 7. Qxd4
{[%clk 1:20:58]} Nxd4 {[%clk 1:15:40]} 8. Bd3 {[%clk 1:20:12]} Bb4
{[%clk 1:10:52]} 9. Bd2 {[%clk 1:19:44]} O-O {[%clk 1:10:49]} 10. O-O-O
{[%clk 1:19:23]} Bf5 {[%clk 1:07:22]} 11. Bxf5 {[%clk 1:18:57]} Nxf5
{[%clk 1:07:43]} 12. Rhe1 {[%clk 1:18:11]} a6 {[%clk 1:04:40]} 13. a3
{[%clk 1:18:28]} Bd6 {[%clk 1:04:15]} 14. h3 {[%clk 1:17:48]} Rfe8
{[%clk 1:03:55]} 15. Nc4 {[%clk 1:17:45]} Bc5 {[%clk 1:03:38]} 16. f3
{[%clk 1:07:35]} b5 {[%clk 0:57:35]} 17. Ne5 {[%clk 1:05:01]} b4 {[%clk 0:54:08]}
18. axb4 {[%clk 1:04:33]} Bxb4 {[%clk 0:54:06]} 19. Nd3 {[%clk 1:03:04]} a5
{[%clk 0:52:45]} 20. Na4 {[%clk 0:57:40]} Bxd2+ {[%clk 0:52:09]} 21. Kxd2
{[%clk 0:57:40]} Nh4 {[%clk 0:49:12]} 22. Rg1 {[%clk 0:55:57]} Rad8
{[%clk 0:48:13]} 23. Kc3 {[%clk 0:55:10]} Nd5+ {[%clk 0:47:51]} 24. Kb3
{[%clk 0:54:13]} Rb8+ {[%clk 0:47:31]} 25. Ka3 {[%clk 0:54:24]} Ne3
{[%clk 0:46:40]} 26. Rd2 {[%clk 0:54:47]} Nc4+ {[%clk 0:46:53]} 27. Ka2
{[%clk 0:52:27]} Nxd2 {[%clk 0:47:17]} 28. b3 {[%clk 0:52:37]} Rbd8
{[%clk 0:46:20]} 29. Rd1 {[%clk 0:52:53]} Ndxf3 {[%clk 0:45:45]} 30. gxf3
{[%clk 0:53:15]} Nxf3 {[%clk 0:46:07]} 0-1

[Event "MPA 1580 2024"]
[Site "Sianozety"]
[Date "2024.04.12"]
[Round "9.13"]
[White "Chromicz, Andrzej"]
[Black "Zemla, Andrzej"]
[Result "1/2-1/2"]
[BlackElo "1453"]
[WhiteElo "1492"]
[LiveChessVersion "1.4.4"]

1. e4 {[%clk 1:30:58]} c6 {[%clk 1:30:45]} 2. Nf3 {[%clk 1:31:28]} d5
{[%clk 1:31:05]} 3. exd5 {[%clk 1:31:45]} cxd5 {[%clk 1:31:28]} 4. Be2
{[%clk 1:32:04]} Nc6 {[%clk 1:31:40]} 5. O-O {[%clk 1:32:25]} Nf6
{[%clk 1:32:01]} 6. d4 {[%clk 1:32:42]} Bf5 {[%clk 1:32:23]} 7. Bd2
{[%clk 1:32:55]} e6 {[%clk 1:32:42]} 8. c3 {[%clk 1:33:11]} Bd6 {[%clk 1:32:54]}
9. Be3 {[%clk 1:33:09]} O-O {[%clk 1:33:11]} 10. Nbd2 {[%clk 1:33:25]} Qc7
{[%clk 1:33:01]} 11. h3 {[%clk 1:33:33]} Rac8 {[%clk 1:32:56]} 12. Rc1
{[%clk 1:33:07]} a6 {[%clk 1:31:20]} 13. Nh4 {[%clk 1:29:29]} 1/2-1/2